1049 1588 1005 1037 1499 1233 1447 1324 1633 1673 1628 1388 1740 1155 1683 1956 1709 1324 1647 1084 1104 1560 1664 1818 1117 1426 1775 1696 1443 1865 1232 1858 1364 1655 1542 1157 1056 1198 1602 1016 1507 1465 1257 1796 1012 1825 1480 1185 1864 1856 1579 1052 1731 1355 1266 1053 1814 1053 1679 1770 1509 1936 1276 1834 1961 1545 1703 1174 1848 1767 1900 1887 1338 1784 1789 1707 1147 1287 1763 1564 1810 1262 1707 1947 1967 1668 1533 1580 1495 1888 1917 1582 1237 1488 1990 1724 1161 1312 1424 BCNSPRNW ULIB Ver.6.0+V

เปลี่ยนเป็นภาษาไทย

Change to English
 แสดงรายละเอียดบรรณานุกรม
  กลับหน้าหลัก

Brief Record : Get Marc (ISO 2709) : E-mail record : QR code < ปิดหน้าต่าง
LEADER : 00000nam 2200000uu 4500
001    13399112548
003     ULIB
008    110824s2554||||th 000 0 tha d
020    9786165020725
090    นว.^bบ111ซ 2554
100 0  baiboau
245 00 ซาตานหัวใจหิน/^cbaiboau
250    พิมพ์ครั้งที่ 1
260    กรุงเทพฯ :^bSugar Beat,^c2554
300    327 หน้า
945    ^p220^l0^i18517
995    กัณชพร
999    ^aใช้งานได้ทุกระบบ
รายการนี้ยังไม่มีแท็ก
คุณยังไม่ได้ล็อกอิน คุณสามารถมีกิจกรรมร่วมกับเว็บไซต์ได้ แต่ต้องล็อกอินก่อน ::
  ล็อกอิน

รายการสื่อสารสนเทศ

ลำดับที่ ประเภท เลขเรียก/บาร์โค้ด สถานที่ สถานะ
1. นวนิยาย
นวนิยาย
นว. บ111ซ 2554  
  Barcode: 18517
ห้องสมุดวิทยาเขตนครสวรรค์
►นวนิยาย:l:Fiction
บนชั้น

รายการใกล้เคียง
    ผู้แต่ง [baiboau]

BibComment


ยังไม่เคยถูกคอมเมนท์

คอมเมนท์ทรัพยากรรายการนี้
  คอมเมนท์: ซาตานหัวใจหิน bai..


 Copyright 2026. Bcnsprnw @Library